Biblioteca y Centro de Documentación

The many dimensions of gender equality and their impact on economic growth (Registro nro. 50382)

Detalles MARC
000 -CABECERA
Longitud fija campo de control 01282naa a2200337 c 4500
001 - NÚMERO DE CONTROL
Número de control 50382
003 - IDENTIFICADOR DE NÚMERO DE CONTROL
Identificador del número de control ES-MaCES
005 - FECHA Y HORA DE LA ÚLTIMA TRANSACCIÓN
Fecha y hora de la última transacción 20171221120808.0
008 - CAMPO FIJO DE DESCRIPCIÓN FIJA--INFORMACIÓN GENERAL
Códigos de información de longitud fija   171221s2017 uk ||||| t||||||| ||eng d
040 ## - FUENTE DE CATALOGACIÓN
Centro catalogador de origen ES-MaCES
Lengua de catalogación spa
Centro transcriptor ES-MaCES
Centro modificado ES-MaCES
100 ## - ENCABEZAMIENTO PRINCIPAL--NOMBRE PERSONAL
9 (RLIN) 38842
Nombre de persona Moorhouse, Elizabeth A.
245 14 - MENCIÓN DE TÍTULO
Título The many dimensions of gender equality and their impact on economic growth
Mención de responsabilidad, etc. Elizabeth A. Moorhouse
500 ## - NOTA GENERAL
Nota general Resumen
504 ## - NOTA DE BIBLIOGRAFÍA, ETC.
Nota de bibliografía, etc. Bibliografía: p. 365-368
650 #4 - ASIENTO SECUNDARIO DE MATERIA--TÉRMINO DE MATERIA
9 (RLIN) 29521
Término de materia o nombre geográfico como elemento inicial discriminación por razones de sexo
650 #4 - ASIENTO SECUNDARIO DE MATERIA--TÉRMINO DE MATERIA
9 (RLIN) 28657
Término de materia o nombre geográfico como elemento inicial mujeres
650 #4 - ASIENTO SECUNDARIO DE MATERIA--TÉRMINO DE MATERIA
9 (RLIN) 27173
Término de materia o nombre geográfico como elemento inicial derechos de la mujer
650 #4 - ASIENTO SECUNDARIO DE MATERIA--TÉRMINO DE MATERIA
9 (RLIN) 30147
Término de materia o nombre geográfico como elemento inicial igualdad de trato
650 #4 - ASIENTO SECUNDARIO DE MATERIA--TÉRMINO DE MATERIA
9 (RLIN) 27183
Término de materia o nombre geográfico como elemento inicial igualdad de oportunidades
650 #4 - ASIENTO SECUNDARIO DE MATERIA--TÉRMINO DE MATERIA
9 (RLIN) 27184
Término de materia o nombre geográfico como elemento inicial igualdad de remuneración
650 #4 - ASIENTO SECUNDARIO DE MATERIA--TÉRMINO DE MATERIA
9 (RLIN) 27094
Término de materia o nombre geográfico como elemento inicial crecimiento económico
650 #4 - ASIENTO SECUNDARIO DE MATERIA--TÉRMINO DE MATERIA
9 (RLIN) 27093
Término de materia o nombre geográfico como elemento inicial desarrollo económico
650 #4 - ASIENTO SECUNDARIO DE MATERIA--TÉRMINO DE MATERIA
9 (RLIN) 28259
Término de materia o nombre geográfico como elemento inicial productividad
650 #4 - ASIENTO SECUNDARIO DE MATERIA--TÉRMINO DE MATERIA
9 (RLIN) 27082
Término de materia o nombre geográfico como elemento inicial consecuencias económicas
650 #4 - ASIENTO SECUNDARIO DE MATERIA--TÉRMINO DE MATERIA
9 (RLIN) 27069
Término de materia o nombre geográfico como elemento inicial econometría
650 #4 - ASIENTO SECUNDARIO DE MATERIA--TÉRMINO DE MATERIA
9 (RLIN) 27070
Término de materia o nombre geográfico como elemento inicial análisis económico
653 10 - TÉRMINO DE INDEXACIÓN--NO CONTROLADO
Término no controlado Mujer
773 0# - ENTRADA DE DOCUMENTO FUENTE
Itemnumber del ítem fuente 86838
Lugar, editor y fecha de publicación Abingdon, Oxon Taylor and Francis. Routledge 1971-
Otro identificador del documento 089734
Título Forum for social economics
Número de control del registro relacionado (ES-MaCES)44532
Parte(s) relacionada(s) vol. 46, no. 4 (Nov. 2017) {55/1124 R. 089734} ;p. 350-370
902 ## - CES. TIPO DE DOCUMENTO
Tipodoc (006$c Sirtex) ART Artículo de revista
942 ## - ELEMENTOS KOHA
Fuente de clasificaión o esquema Clasificación propia del CES
Koha [por defecto] tipo de item Artículos (1982-2017)
Parte de clasificación Asuntos Sociales

No hay ítems disponibles.

© CES, Consejo Económico y Social de España 2021